00361nam a2200145Ia 4500003000500000008004100005020001800046040001900064082000700083100002500090245004500115260003600160300000700196546001200203STCL181203s9999 xx 000 0 und d a9788187496410 aSTCLbENcSTCL 222 aChe Guevara, Ernesto 0aGlobal Justice: Liberation and Socialism bLeftWord BooksaNew Delhic2006 a72 aEnglish